书目信息 |
| 题名: |
计算机组网实用技术
|
|
| 作者: | 梁亚生 , 王建林 , 李佳 编著 | |
| 分册: | ||
| 出版信息: | 北京 国防工业出版社 2006.07 |
|
| 页数: | 236页 | |
| 开本: | 26cm | |
| 丛书名: | ||
| 单 册: | ||
| 中图分类: | TP393 | |
| 科图分类: | ||
| 主题词: | 计算机网络--ji suan ji wang luo--基本知识 | |
| 电子资源: | ||
| ISBN: | 7-118-04567-5 | |
| 000 | 00958nam0 2200265 450 | |
| 001 | 012008531378 | |
| 005 | 20080602092012.50 | |
| 010 | @a7-118-04567-5@dCNY29.00 | |
| 100 | @a20080602d2006 em y0chiy0120 ea | |
| 101 | 0 | @achi |
| 102 | @aCN@b110000 | |
| 105 | @aa a 000yy | |
| 106 | @ar | |
| 200 | 1 | @a计算机组网实用技术@Aji suan ji zu wang shi yong ji shu@f梁亚生, 王建林, 李佳编著@Fliang ya sheng,wang jian lin,li jia bian zhu |
| 210 | @a北京@c国防工业出版社@d2006.07 | |
| 215 | @a236页@c图@d26cm | |
| 320 | @a有书目 (第236页) | |
| 330 | @a本书系统介绍了存储技术、典型网络存储系统和存储网络,分析了存储产业状况、研究了信息化战争条件下的网络存储、分析了美军典型网络存储系统。 | |
| 606 | 0 | @a计算机网络@Aji suan ji wang luo@x基本知识 |
| 690 | @aTP393@v4 | |
| 701 | 0 | @a梁亚生@Aliang ya sheng@4编著 |
| 701 | 0 | @a王建林@Awang jian lin@4编著 |
| 701 | 0 | @a李佳@Ali jia@4编著 |
| 801 | 0 | @aCN@bQSSK@c20080602 |
| 905 | @b721995-97@dTP393@eL423@f3 | |
| 计算机组网实用技术/梁亚生, 王建林, 李佳编著.-北京:国防工业出版社,2006.07 |
| 236页:图;26cm |
| ISBN 7-118-04567-5:CNY29.00 |
| 本书系统介绍了存储技术、典型网络存储系统和存储网络,分析了存储产业状况、研究了信息化战争条件下的网络存储、分析了美军典型网络存储系统。 |
| ● |
| 相关链接 |
|
|
|
正题名:计算机组网实用技术
索取号:TP393/L423
 
预约/预借
| 序号 | 登录号 | 条形码 | 馆藏地/架位号 | 状态 | 备注 |
| 1 | 721995 | 207219954 | 自科库301/301自科库 116排1列2层/ [索取号:TP393/L423] | 在馆 | |
| 2 | 721996 | 207219963 | 自科库301/301自科库 116排1列2层/ [索取号:TP393/L423] | 在馆 | |
| 3 | 721997 | 207219972 | 自科二线404/301自科库 109排2列1层/ [索取号:TP393/L423] | 在馆 |